|
|
|
|
| LEADER |
00709nab a2200181 i 4500 |
| 001 |
misc9345 |
| 005 |
20191106143505.0 |
| 008 |
170607s1915 hu o 0|| hun d |
| 022 |
|
|
|a 0025-0260
|
| 040 |
|
|
|a SZTE Miscellanea Repozitórium
|b hun
|
| 041 |
|
|
|a hun
|
| 100 |
1 |
|
|a Gyulai Ágost
|
| 245 |
1 |
0 |
|a Új könyvek
|h [elektronikus dokumentum] :
|b 2. német könyvek, 1914 aug.-nov. : [könyvjegyzék] /
|c Gyulai Ágost
|
| 260 |
|
|
|c 1915
|
| 300 |
|
|
|a 94-96
|
| 490 |
0 |
|
|a Magyar pedagógia : a Magyar Tudományos Akadémia Pedagógiai Bizottságának folyóirata
|v 24
|
| 695 |
|
|
|a Pedagógiai szakirodalom német 1915, Új könyvek
|
| 856 |
4 |
0 |
|u http://misc.bibl.u-szeged.hu/9345/1/mp_1915_2110_094-096.pdf
|z Dokumentum-elérés
|